| 000 | 00757cam a2200193 4500 | ||
|---|---|---|---|
| 001 | J120153 | ||
| 008 | 020410n2002 000 0 eng u | ||
| 035 | _a(Sirsi) u120153 | ||
| 050 | _a344.410465 | ||
| 110 |
_aGreat Britain _bHealth and Safety Executive |
||
| 245 | _aRevitalising health and safety in construction : discussion document | ||
| 260 |
_aLondon _bHSE _c2002 |
||
| 300 |
_avi,54p. _c30cm. |
||
| 520 | _aA consultation paper launching the "Revitalising health and safety" campaign, which aims to establish the best ways of achieving the changes necessary to improve the construction industry's poor health and safety record. | ||
| 650 | _aSITE SAFETY | ||
| 650 | _aCONSTRUCTION SAFETY | ||
| 690 |
_aHealth and safety _96244 |
||
| 942 | _n0 | ||
| 999 |
_c102487 _d102487 |
||